| 000 | 01170nam0a2200301 4500 | ||
|---|---|---|---|
| 001 | RU\NLR\ONL1\688 | ||
| 005 | 20260406072312.0 | ||
| 035 | _a(NLR Aleph) 009629446 | ||
| 090 |
_a9484004 _c9484004 |
||
| 100 | _a20020220d1999 u y0rusy50 ca | ||
| 101 | 0 | _akrl | |
| 102 | _aRU | ||
| 105 | _ay ||||||||| | ||
| 200 | 1 |
_aКарельско-русский словарь _dKarjalais-venalaini sanakirja _e(Сев.-карел. диалекты) _fПекка(!) Зайков, Лариса Ругоева |
|
| 210 |
_aПетрозаводск _cПериодика _d1999 |
||
| 215 |
_a215,[2] с. _d22 |
||
| 606 | 0 |
_aКарельско-русские словари _92175242 _3RU\NLR\auth-onl\6618 |
|
| 686 | 1 | _aШ166.12-48 | |
| 686 | 1 | _aШ141.2-48 | |
| 700 | 1 |
_4070 _8rus _7ca _aЗайков _bП. М. _f1946 - _gПетр Мефодьевич _3RU\NLR\AUTH\7710524 _9120292 |
|
| 701 | 1 |
_4070 _8rus _7ca _aРугоева _bЛ. И. _gЛариса Ивановна _3RU\NLR\auth-onl\7782 _9130142 |
|
| 801 | 0 |
_aRU _bNLR _c20020220 _gPSBO |
|
| 852 |
_aNLR _bОНЛ _jКарел./3-229 |
||
| 899 | _aНБ РК | ||
| 942 | _cBOOK | ||
| 980 | _aNB | ||